The economics of the developing countries

Bewaard in:
Bibliografische gegevens
Hoofdauteur: Myint, H.
Formaat: Boek
Taal:Undetermined
Gepubliceerd in: London Hutchinson & Co Ltd 1973
Onderwerpen:
Tags: Voeg label toe
Geen labels, Wees de eerste die dit record labelt!
Thư viện lưu trữ: Trung tâm Học liệu Trường Đại học Cần Thơ
LEADER 00537nam a2200193Ia 4500
001 CTU_81362
008 210402s9999 xx 000 0 und d
082 |a 338.9 
082 |b M995 
100 |a Myint, H. 
245 4 |a The economics of the developing countries 
245 0 |c H. Myint 
260 |a London 
260 |b Hutchinson & Co Ltd 
260 |c 1973 
650 |a Economic development.,Developing countries 
650 |x Economic policy 
904 |i Trọng Hải 
980 |a Trung tâm Học liệu Trường Đại học Cần Thơ